000 01333nam0a2200361 4500
001 RU\NLR\BIBL_A\011401186
005 20260409075724.0
010 _a9785917595863
_94000
021 _aRU
_b2017-36696
_92685
035 _a(RuMoRGB)008889723
035 _a(NLR Aleph) 011401186
090 _a11508846
_c11508846
100 _a20170607d2017 u y0rusy50 ca
101 0 _arus
102 _aRU
105 _aac||z 000zy
200 1 _aЯ учусь быть мамой
_fЛена Никитина
210 _aМосква
_cСамокат
_d2017
215 _a363, [1] с.
_cил., портр.
_d20
225 1 _aСерия "Самокат для родителей"
333 _a16+
606 _aМатеринство
_xСоциально-психологические исследования
_92113147
_3RU\NLR\AUTH\661276879
606 _aСемейное воспитание
_3RU\NLR\AUTH\661492311
_92518001
675 _a37.0
686 _aЧ491,6(2),0
_2rubbk
686 1 _aЮ984.92
686 1 _aС550.535
686 1 _aЧ491.0
700 1 _8rus
_7ca
_aНикитина
_bЛ. А.
_cпедагог-новатор
_f1930-
_gЛена Алексеевна
_3RU\NLR\AUTH\7776614
_959542
942 _cBOOK
980 _aNBR